| 000 -LEADER |
| fixed length control field |
01413pab a2200193 454500 |
| 008 - FIXED-LENGTH DATA ELEMENTS--GENERAL INFORMATION |
| fixed length control field |
180718b2017 xxu||||| |||| 00| 0 eng d |
| 100 ## - MAIN ENTRY--PERSONAL NAME |
| Personal name |
Harrington, John |
| 245 ## - TITLE STATEMENT |
| Title |
The limits of socio-legal radicalism: social and legal studies and third world scholarship |
| 260 ## - PUBLICATION, DISTRIBUTION, ETC. |
| Date of publication, distribution, etc. |
2017 |
| 300 ## - PHYSICAL DESCRIPTION |
| Extent |
p.700-715. |
| 362 ## - DATES OF PUBLICATION AND/OR SEQUENTIAL DESIGNATION |
| Dates of publication and/or sequential designation |
Dec |
| 520 ## - SUMMARY, ETC. |
| Summary, etc. |
In this review to mark the 25th anniversary of Social and Legal Studies (SLS), we offer an assessment of the evolution of socio-legal scholarship on the Third World. We seek to locate the journal in the broader history of socio-legal studies and legal education in the United Kingdom and to consider its engagement with the work of Third World scholars. In order to do this, we recall the founding commitment of the journalメs first editorial board to non-western perspectives on law and locate this commitment both historically and biographically. We explore a number of important interventions concerned with socio-legal studies in the Third World, but also point to significant gaps and omissions since 1992. To end, we argue for a reassertion of SLSメs founding commitments to anti-imperial scholarship and the challenges posed by critical, non-western perspectives. - Reprodu |
| 650 ## - SUBJECT ADDED ENTRY--TOPICAL TERM |
| Topical term or geographic name entry element |
Sociolegal studies |
| 650 ## - SUBJECT ADDED ENTRY--TOPICAL TERM |
| Topical term or geographic name entry element |
Law and development |
| 650 ## - SUBJECT ADDED ENTRY--TOPICAL TERM |
| Topical term or geographic name entry element |
Legal education |
| 700 ## - ADDED ENTRY--PERSONAL NAME |
| Personal name |
Manji, Ambreena |
| 773 ## - HOST ITEM ENTRY |
| Main entry heading |
Social & Legal Studies |
| 909 ## - |
| -- |
116544 |